[Event "CAN-op"]
[Site "Ottawa CAN"]
[Date "2007.07.07"]
[Round "1"]
[White "Hansen, Eric"]
[Black "Michielsen, Joost"]
[Result "1-0"]
[WhiteElo "2094"]
[BlackElo "2314"]
[PlyCount "71"]
[GameId "2160767910576463"]
[EventDate "2007.07.07"]
[EventType "swiss"]
[EventRounds "10"]
[EventCountry "CAN"]
[SourceTitle "CBM 119 Extra"]
[Source "ChessBase"]
[SourceDate "2007.09.04"]
[SourceVersion "1"]
[SourceVersionDate "2007.09.04"]
[SourceQuality "1"]

1. e4 e6 2. d4 d5 3. Nc3 Nf6 4. Bg5 dxe4 5. Nxe4 Be7 6. Nxf6+ Bxf6 7. Bxf6 Qxf6 8. Nf3 O-O 9. Bd3 c5 10. O-O Nc6 11. dxc5 Qxb2 12. Qe2 Qf6 13. Rfd1 Qe7 14. Qe3 e5 15. Be4 Bg4 16. Bxc6 bxc6 17. Rd6 Bxf3 18. Qxf3 Rac8 19. Rad1 Qb7 20. Qf5 Qa6 21. h4 g6 22. Qxe5 Qxa2 23. h5 Rce8 24. Qc3 f6 25. Rxf6 Rxf6 26. Qxf6 Rf8 27. Qxc6 Qxc2 28. Qd5+ Rf7 29. f3 Qf5 30. hxg6 Qxd5 31. gxh7+ Kxh7 32. Rxd5 Kg6 33. c6 Rc7 34. Rd7 Rxc6 35. Rxa7 Kf5 36. Ra4 1-0

[Event "CAN-op"]
[Site "Ottawa CAN"]
[Date "2007.07.08"]
[Round "3"]
[White "Hansen, Eric"]
[Black "Bluvshtein, Mark"]
[Result "0-1"]
[WhiteElo "2094"]
[BlackElo "2520"]
[PlyCount "64"]
[GameId "2160767910576542"]
[EventDate "2007.07.07"]
[EventType "swiss"]
[EventRounds "10"]
[EventCountry "CAN"]
[SourceTitle "CBM 119 Extra"]
[Source "ChessBase"]
[SourceDate "2007.09.04"]
[SourceVersion "1"]
[SourceVersionDate "2007.09.04"]
[SourceQuality "1"]

1. e4 c5 2. Nf3 d6 3. d4 cxd4 4. Nxd4 Nf6 5. Nc3 Nc6 6. Bg5 e6 7. Qd2 a6 8. O-O-O Bd7 9. f4 Be7 10. Nf3 b5 11. Bd3 b4 12. Ne2 h6 13. Bh4 Qb6 14. f5 Ne5 15. Nf4 Nfg4 16. Bxe7 Kxe7 17. h3 Nxf3 18. gxf3 Nf2 19. Bc4 Nxd1 20. fxe6 fxe6 21. Ng6+ Kf6 22. Nxh8 Ne3 23. e5+ dxe5 24. Qxd7 Rxh8 25. Rg1 g5 26. Bb3 Rd8 27. Qh7 Nf5 28. Rh1 Qe3+ 29. Kb1 Qxf3 30. Rc1 e4 31. Ba4 e3 32. h4 gxh4 0-1

[Event "CAN-op"]
[Site "Ottawa CAN"]
[Date "2007.07.10"]
[Round "5"]
[White "Hansen, Eric"]
[Black "Rychagov, Andrey"]
[Result "0-1"]
[WhiteElo "2094"]
[BlackElo "2557"]
[PlyCount "42"]
[GameId "2160767910576633"]
[EventDate "2007.07.07"]
[EventType "swiss"]
[EventRounds "10"]
[EventCountry "CAN"]
[SourceTitle "CBM 119 Extra"]
[Source "ChessBase"]
[SourceDate "2007.09.04"]
[SourceVersion "1"]
[SourceVersionDate "2007.09.04"]
[SourceQuality "1"]

1. e4 c5 2. Nf3 e6 3. d4 cxd4 4. Nxd4 a6 5. Bd3 Bc5 6. Nb3 Be7 7. Qg4 g6 8. Qe2 d6 9. O-O Qc7 10. c4 Nd7 11. Nc3 Bf6 12. f4 Bg7 13. Be3 Ngf6 14. Bd4 O-O 15. Rae1 b6 16. e5 Ne8 17. Qe3 Bb7 18. Rf2 Rd8 19. Rd2 Bh6 20. exd6 Nxd6 21. g3 e5 0-1

[Event "CAN-op"]
[Site "Ottawa CAN"]
[Date "2007.07.11"]
[Round "6"]
[White "Derraugh, Geordie"]
[Black "Hansen, Eric"]
[Result "1/2-1/2"]
[WhiteElo "1960"]
[BlackElo "2199"]
[PlyCount "122"]
[GameId "2160767910642209"]
[EventDate "2007.07.07"]
[EventType "swiss"]
[EventRounds "10"]
[EventCountry "CAN"]

1. e4 e6 2. d4 d5 3. exd5 exd5 4. c4 Nf6 5. Nc3 Be7 6. Nf3 Bg4 7. Be3 O-O 8. Be2 dxc4 9. Bxc4 Nbd7 10. O-O Nb6 11. Be2 c6 12. Ne5 Bxe2 13. Qxe2 Nbd5 14. Rad1 Re8 15. Qc4 Bd6 16. Bg5 Qc7 17. Bxf6 Nxf6 18. f4 b5 19. Qb3 a5 20. Rd3 a4 21. Qd1 Qb6 22. Kh1 a3 23. b3 Rad8 24. g4 Bb4 25. Nb1 Nd5 26. g5 Qb7 27. Qf3 Bd6 28. Rc1 Nxf4 29. Rdc3 Bxe5 30. dxe5 Nd5 31. Rxc6 Nb4 32. R6c3 Qxf3+ 33. Rxf3 Nxa2 34. Rc7 Rxe5 35. Nxa3 Rxg5 36. Rcxf7 b4 37. Nc4 Nc1 38. h4 Rg4 39. Rc7 Rxh4+ 40. Kg2 Nd3 41. Rxd3 Rxd3 42. Rc8+ Kf7 43. Ne5+ Ke7 44. Nxd3 Rd4 45. Nf2 h5 46. Rc7+ Kf6 47. Kf3 Rd8 48. Rb7 Rd4 49. Ne4+ Ke5 50. Nf2 g6 51. Rb5+ Ke6 52. Ne4 h4 53. Ke3 Rd1 54. Rxb4 Rb1 55. Kf4 Rg1 56. Ng5+ Kd5 57. Rb8 Kc6 58. Rg8 Rb1 59. Rxg6+ Kb5 60. Nf3 Kc5 61. Nd2 Re1 1/2-1/2

[Event "CAN-op"]
[Site "Ottawa CAN"]
[Date "2007.07.13"]
[Round "8"]
[White "Hansen, Eric"]
[Black "Reprintsev, Alexander"]
[Result "1/2-1/2"]
[WhiteElo "2094"]
[BlackElo "2410"]
[PlyCount "96"]
[GameId "2160767910642304"]
[EventDate "2007.07.07"]
[EventType "swiss"]
[EventRounds "10"]
[EventCountry "CAN"]
[SourceTitle "CBM 119 Extra"]
[Source "ChessBase"]
[SourceDate "2007.09.04"]
[SourceVersion "1"]
[SourceVersionDate "2007.09.04"]
[SourceQuality "1"]

1. e4 d5 2. exd5 Qxd5 3. Nc3 Qa5 4. d4 Nf6 5. Nf3 Nc6 6. Bb5 Ne4 7. Qd3 Nxc3 8. bxc3 a6 9. Bxc6+ bxc6 10. Ne5 f6 11. Nc4 Qf5 12. Ba3 a5 13. O-O Qxd3 14. cxd3 Ba6 15. Rfd1 Bxc4 16. dxc4 e6 17. Bxf8 Rxf8 18. Rab1 Kd7 19. Kf1 Rfb8 20. Ke2 Rb6 21. Rb3 Rab8 22. Rdb1 Rxb3 23. axb3 g5 24. Kd3 g4 25. Kc2 Rg8 26. Kd3 Rg5 27. Ke3 Rh5 28. Kf4 Rf5+ 29. Ke3 c5 30. Rd1 Kc6 31. f3 gxf3 32. g4 Rg5 33. Kxf3 h5 34. h3 cxd4 35. cxd4 hxg4+ 36. hxg4 Rg8 37. d5+ exd5 38. Rxd5 Rb8 39. Rxa5 Rxb3+ 40. Kf4 Rc3 41. Ra6+ Kd7 42. Rxf6 Rxc4+ 43. Kf5 Rc1 44. g5 c5 45. g6 Rg1 46. Ke4 c4 47. Kd4 Rg4+ 48. Kc3 Ke7 1/2-1/2

[Event "CAN-op"]
[Site "Ottawa CAN"]
[Date "2007.07.14"]
[Round "9"]
[White "Noritsyn, Nikolay"]
[Black "Hansen, Eric"]
[Result "1-0"]
[WhiteElo "2336"]
[BlackElo "2094"]
[PlyCount "91"]
[GameId "2160767910642359"]
[EventDate "2007.07.07"]
[EventType "swiss"]
[EventRounds "10"]
[EventCountry "CAN"]
[SourceTitle "CBM 119 Extra"]
[Source "ChessBase"]
[SourceDate "2007.09.04"]
[SourceVersion "1"]
[SourceVersionDate "2007.09.04"]
[SourceQuality "1"]

1. c4 Nf6 2. Nc3 g6 3. g3 Bg7 4. Bg2 O-O 5. e3 d6 6. Nge2 e5 7. d4 c6 8. b3 Re8 9. Ba3 a5 10. dxe5 dxe5 11. Na4 Nbd7 12. O-O Bf8 13. Bb2 Qc7 14. Qc1 Nc5 15. Nxc5 Bxc5 16. Nc3 Bf5 17. Na4 Bf8 18. c5 Rad8 19. Re1 Bd3 20. a3 Ba6 21. h3 Bh6 22. Nc3 Nd5 23. Ne4 Bf8 24. Rd1 Be7 25. Nd6 Bxd6 26. cxd6 Qd7 27. e4 Nf6 28. f4 Nh5 29. Bxe5 f6 30. Bb2 Nxg3 31. Qe3 Nh5 32. Rd2 Qe6 33. Rad1 Rd7 34. Kh2 Ng7 35. Qg3 Red8 36. e5 Nh5 37. Qh4 Qf5 38. Rf2 Qe6 39. Rfd2 Qf5 40. Rf2 Qe6 41. f5 Qxb3 42. Rdd2 fxe5 43. fxg6 hxg6 44. Bxe5 Qe3 45. Bb2 Rxd6 46. Qxd8+ 1-0

[Event "CYCC U16"]
[Site "Ottawa CAN"]
[Date "2007.07.03"]
[Round "1"]
[White "Wee, Michael"]
[Black "Hansen, Eric"]
[Result "0-1"]
[WhiteElo "1613"]
[BlackElo "2199"]
[PlyCount "58"]
[GameId "2160767910659290"]
[EventDate "2007.07.03"]
[EventType "swiss"]
[EventRounds "7"]
[EventCountry "CAN"]
[SourceTitle "EXT 2022"]
[Source "ChessBase"]
[SourceDate "2021.10.06"]
[SourceVersion "1"]
[SourceVersionDate "2021.10.06"]
[SourceQuality "1"]

1. Nf3 Nf6 2. g3 g6 3. Bg2 Bg7 4. O-O O-O 5. d3 d5 6. Nbd2 c5 7. e4 Nc6 8. Ne1 e5 9. f4 dxe4 10. dxe4 Ng4 11. Rf3 Qd4+ 12. Kh1 Nf2+ 13. Rxf2 Qxf2 14. Nd3 Qd4 15. Nf3 Qd8 16. Be3 b6 17. Qe2 Nd4 18. Nxd4 exd4 19. e5 Rb8 20. Bd2 Qd7 21. Nf2 Bb7 22. Bxb7 Qxb7+ 23. Kg1 Rbd8 24. Ne4 Rfe8 25. Qd3 c4 26. Qf3 Qd5 27. Kg2 f5 28. Nd6 Rxd6 29. Qxd5+ Rxd5 0-1

[Event "CYCC U16"]
[Site "Ottawa CAN"]
[Date "2007.07.03"]
[Round "2"]
[White "Hansen, Eric"]
[Black "Raymer, Evan"]
[Result "1-0"]
[WhiteElo "2221"]
[BlackElo "1935"]
[PlyCount "81"]
[GameId "2160767910659297"]
[EventDate "2007.07.03"]
[EventType "swiss"]
[EventRounds "7"]
[EventCountry "CAN"]
[SourceTitle "EXT 2022"]
[Source "ChessBase"]
[SourceDate "2021.10.06"]
[SourceVersion "1"]
[SourceVersionDate "2021.10.06"]
[SourceQuality "1"]

1. e4 c5 2. c3 Nf6 3. e5 Nd5 4. d4 cxd4 5. Nf3 Nc6 6. cxd4 e6 7. Nc3 Nxc3 8. bxc3 d6 9. exd6 Bxd6 10. Bd3 Qc7 11. O-O O-O 12. Qe2 b6 13. Qe4 g6 14. Qh4 f6 15. Re1 Nd8 16. Bh6 Rf7 17. c4 Bb7 18. Nd2 e5 19. Ne4 Be7 20. dxe5 fxe5 21. Bg5 Ne6 22. Bxe7 Qxe7 23. Qxe7 Rxe7 24. Nf6+ Kf7 25. Nd5 Bxd5 26. cxd5 Nf4 27. Bc4 Rd7 28. Rxe5 Kf6 29. Re4 Nxd5 30. Rd1 Rad8 31. Red4 Ke6 32. f4 g5 33. Re1+ Kf6 34. fxg5+ Kf5 35. g4+ Kg6 36. Bb5 Rd6 37. Red1 Kf7 38. Bc4 Ke6 39. Re1+ Kf7 40. Rxd5 Rxd5 41. Re5 1-0

[Event "CYCC U16"]
[Site "Ottawa CAN"]
[Date "2007.07.04"]
[Round "3"]
[White "Zhou, Haonan"]
[Black "Hansen, Eric"]
[Result "1-0"]
[WhiteElo "2016"]
[BlackElo "2199"]
[PlyCount "93"]
[GameId "2160767910659311"]
[EventDate "2007.07.03"]
[EventType "swiss"]
[EventRounds "7"]
[EventCountry "CAN"]
[SourceTitle "EXT 2022"]
[Source "ChessBase"]
[SourceDate "2021.10.06"]
[SourceVersion "1"]
[SourceVersionDate "2021.10.06"]
[SourceQuality "1"]

1. d4 d6 2. e4 Nf6 3. f3 Nbd7 4. c4 e5 5. Ne2 c6 6. Nbc3 a6 7. a4 g6 8. Be3 Bg7 9. d5 cxd5 10. cxd5 O-O 11. Qd2 Nc5 12. Nc1 Ne8 13. b4 Nd7 14. Be2 f5 15. O-O f4 16. Bf2 g5 17. a5 h5 18. b5 axb5 19. Nxb5 b6 20. Nd3 Nc5 21. Qc3 Bd7 22. Nb4 Rc8 23. Nc6 Bxc6 24. dxc6 Rxc6 25. Bc4+ Kh7 26. Bd5 Rc8 27. Na7 Rc7 28. axb6 Rd7 29. Rfb1 Nb7 30. Be6 Nf6 31. Bxd7 Nxd7 32. Qc7 Ndc5 33. Bxc5 Nxc5 34. Qxd8 Rxd8 35. Nc6 Rc8 36. b7 Nxb7 37. Rxb7 Rxc6 38. Raa7 Rc1+ 39. Kf2 Rc2+ 40. Ke1 Rxg2 41. Rxg7+ Kh6 42. Rgd7 g4 43. Rxd6+ Kg5 44. Rg7+ Kh4 45. fxg4 Rxh2 46. gxh5 f3 47. Rf6 1-0

[Event "CYCC U16"]
[Site "Ottawa CAN"]
[Date "2007.07.04"]
[Round "4"]
[White "Trandafir, Stefan"]
[Black "Hansen, Eric"]
[Result "0-1"]
[WhiteElo "1925"]
[BlackElo "2221"]
[PlyCount "150"]
[GameId "2160767910659321"]
[EventDate "2007.07.03"]
[EventType "swiss"]
[EventRounds "7"]
[EventCountry "CAN"]
[SourceTitle "EXT 2022"]
[Source "ChessBase"]
[SourceDate "2021.10.06"]
[SourceVersion "1"]
[SourceVersionDate "2021.10.06"]
[SourceQuality "1"]

1. d4 d6 2. c4 e5 3. d5 f5 4. g3 Nf6 5. Bg2 Be7 6. Nc3 O-O 7. Nh3 a5 8. O-O Na6 9. f4 e4 10. Nf2 Nc5 11. Be3 Kh8 12. Bd4 c6 13. Bxc5 dxc5 14. dxc6 bxc6 15. e3 Qc7 16. b3 Nd7 17. Na4 Nb6 18. Nxb6 Qxb6 19. Qc2 a4 20. g4 Bf6 21. Rab1 g6 22. Rfd1 axb3 23. Qxb3 Qxb3 24. axb3 Rd8 25. Rxd8+ Bxd8 26. g5 Kg7 27. Nd1 Ra2 28. Bf1 Ba5 29. Rb2 Ra1 30. Be2 Kf7 31. Kf2 Ke6 32. Rc2 Kd6 33. Rb2 Be6 34. Rc2 Bb4 35. Nc3 Ra3 36. Bd1 Ra1 37. Ke2 Kc7 38. Na4 Kb7 39. Rb2 Ka6 40. Rc2 Ka5 41. Rb2 Ba3 42. Rd2 Bc1 43. Rc2 Bxe3 44. Kxe3 Rxd1 45. Nxc5 Bc8 46. Ra2+ Kb4 47. Ra8 Kxc5 48. Rxc8 Rd3+ 49. Kf2 Rxb3 50. Rc7 Rh3 51. Kg2 Rh4 52. h3 Rxf4 53. Rxh7 e3 54. Re7 Rf2+ 55. Kg1 f4 56. h4 Ra2 57. Re4 Rf2 58. h5 gxh5 59. g6 Rf3 60. Kh2 Rg3 61. Rxf4 Rxg6 62. Re4 Rg4 63. Rxe3 Kxc4 64. Re5 h4 65. Kh3 Rf4 66. Re1 c5 67. Rc1+ Kb5 68. Rb1+ Kc6 69. Rc1 c4 70. Rc2 Kc5 71. Ra2 c3 72. Ra5+ Kb4 73. Ra8 c2 74. Rb8+ Kc3 75. Rc8+ Rc4 0-1

[Event "CYCC U16"]
[Site "Ottawa CAN"]
[Date "2007.07.05"]
[Round "5"]
[White "Hansen, Eric"]
[Black "Kaminski, Victor"]
[Result "0-1"]
[WhiteElo "2221"]
[BlackElo "2306"]
[PlyCount "118"]
[GameId "2160767910659325"]
[EventDate "2007.07.03"]
[EventType "swiss"]
[EventRounds "7"]
[EventCountry "CAN"]
[SourceTitle "EXT 2022"]
[Source "ChessBase"]
[SourceDate "2021.10.06"]
[SourceVersion "1"]
[SourceVersionDate "2021.10.06"]
[SourceQuality "1"]

1. e4 c5 2. Nf3 Nc6 3. d4 cxd4 4. Nxd4 g6 5. Nc3 Bg7 6. Be3 d6 7. Bc4 Nf6 8. f3 O-O 9. Qd2 Bd7 10. O-O Rc8 11. Bb3 a6 12. Rfd1 Ne5 13. Rac1 b5 14. Bh6 Bxh6 15. Qxh6 Nc4 16. Bxc4 Rxc4 17. Nb3 Qb6+ 18. Kh1 Rfc8 19. Qd2 Qc7 20. a3 a5 21. Nd4 b4 22. axb4 axb4 23. Nd5 Nxd5 24. exd5 Qc5 25. Nb3 Qc7 26. Nd4 Qb7 27. Ne2 R4c5 28. c3 Ba4 29. cxb4 Bxd1 30. bxc5 Bxe2 31. Qxe2 Rxc5 32. Rxc5 dxc5 33. h3 Qxd5 34. Qxe7 Qd4 35. Qe2 Kg7 36. Kh2 h5 37. g3 h4 38. gxh4 Kf6 39. Kg3 Qg1+ 40. Kf4 g5+ 41. hxg5+ Qxg5+ 42. Ke4 Qe5+ 43. Kd3 c4+ 44. Kd2 Qxb2+ 45. Ke1 Qd4 46. Qe8 Qc3+ 47. Kf2 Qd2+ 48. Kg3 c3 49. Qh8+ Ke6 50. Qe8+ Kd5 51. h4 Kc4 52. Qa4+ Kd5 53. Qb5+ Ke6 54. Qc4+ Kf6 55. Qb4 Qe1+ 56. Kg4 Qe6+ 57. Kg3 Qe5+ 58. Kf2 c2 59. f4 Qa1 0-1

[Event "CYCC U16"]
[Site "Ottawa CAN"]
[Date "2007.07.05"]
[Round "6"]
[White "Hansen, Eric"]
[Black "Wong, Ming Jing"]
[Result "1-0"]
[WhiteElo "2221"]
[BlackElo "1683"]
[PlyCount "83"]
[GameId "2160767910659336"]
[EventDate "2007.07.03"]
[EventType "swiss"]
[EventRounds "7"]
[EventCountry "CAN"]
[SourceTitle "EXT 2022"]
[Source "ChessBase"]
[SourceDate "2021.10.06"]
[SourceVersion "1"]
[SourceVersionDate "2021.10.06"]
[SourceQuality "1"]

1. e4 e5 2. Nf3 Nc6 3. Bc4 Bc5 4. c3 Nf6 5. d4 exd4 6. cxd4 Bb4+ 7. Nc3 d5 8. exd5 Nxd5 9. O-O Nxc3 10. bxc3 Be7 11. d5 Nb8 12. Re1 O-O 13. Ne5 Nd7 14. Bf4 Bf6 15. Nxf7 Rxf7 16. d6 c6 17. Bxf7+ Kxf7 18. Qh5+ Kf8 19. Qxh7 Nb6 20. Qh8+ Kf7 21. Qh5+ Kf8 22. Re2 Bd7 23. Rae1 Nd5 24. Be5 Rc8 25. c4 Nb6 26. Bxf6 Qxf6 27. Re7 Kg8 28. c5 Nd5 29. Rxd7 b6 30. Re8+ Rxe8 31. Qxe8+ Kh7 32. Qe4+ Kh6 33. g3 Qa1+ 34. Kg2 Nf6 35. Qe3+ Kg6 36. Rxa7 bxc5 37. Qd3+ Kh6 38. d7 Nxd7 39. Rxd7 Qxa2 40. Rd6+ Qe6 41. Rxe6+ Kh5 42. Qg6# 1-0

[Event "Edmonton int. qual."]
[Site "Edmonton CAN"]
[Date "2007.05.19"]
[Round "3"]
[White "Hansen, Eric"]
[Black "Pedersen, Rick"]
[Result "1-0"]
[WhiteElo "2175"]
[BlackElo "1946"]
[PlyCount "91"]
[GameId "2160767910692957"]
[EventDate "2007.04.28"]
[EventType "swiss"]
[EventRounds "5"]
[EventCountry "CAN"]

1. e4 d6 2. d4 Nf6 3. Nc3 g6 4. Bg5 Bg7 5. Qd2 h6 6. Bh4 g5 7. Bg3 Nh5 8. Nge2 Nc6 9. O-O-O Nxg3 10. hxg3 e5 11. d5 Ne7 12. f4 Bf6 13. fxg5 hxg5 14. Rxh8+ Bxh8 15. Qxg5 Ng6 16. Qh5 Bf6 17. Ng1 a6 18. Be2 Bd7 19. Rf1 Qe7 20. Kb1 Bg7 21. Qh7 Qf8 22. Bh5 Nh8 23. Nh3 O-O-O 24. Ng5 f6 25. Ne6 Bxe6 26. dxe6 c6 27. Nd1 Qg8 28. Qxg8 Rxg8 29. e7 Kd7 30. e8=Q+ Rxe8 31. Bxe8+ Kxe8 32. Ne3 Kf7 33. Nf5 Bf8 34. Rf3 d5 35. b4 Ke6 36. Rb3 b5 37. Rc3 c5 38. exd5+ Kxd5 39. Rd3+ Kc6 40. Rd8 Ng6 41. Re8 Kd5 42. g4 e4 43. Nh4 Ne5 44. Rxf8 Nxg4 45. Re8 e3 46. Nf5 1-0

[Event "Edmonton int. qual."]
[Site "Edmonton CAN"]
[Date "2007.05.20"]
[Round "4"]
[White "Hansen, Eric"]
[Black "Mrugala, David"]
[Result "1-0"]
[WhiteElo "2175"]
[BlackElo "2026"]
[PlyCount "49"]
[GameId "2160767910692959"]
[EventDate "2007.04.28"]
[EventType "swiss"]
[EventRounds "5"]
[EventCountry "CAN"]

1. e4 c6 2. d4 d5 3. e5 Bf5 4. Be3 e6 5. Ne2 Qb6 6. b3 c5 7. Ng3 Bg6 8. c3 Nc6 9. a3 cxd4 10. cxd4 Rc8 11. b4 Nge7 12. Bd3 Bxd3 13. Qxd3 Na5 14. bxa5 Qb2 15. O-O Qxa1 16. Qb3 Nc6 17. Qxb7 Kd8 18. Qxf7 Rb8 19. Nd2 Qb2 20. Qxe6 Qb5 21. a4 Qb7 22. Qxd5+ Qd7 23. Qe4 Rb4 24. e6 Qb7 25. Qd5+ 1-0

[Event "Alberta op"]
[Site "Edmonton CAN"]
[Date "2006.10.08"]
[Round "3"]
[White "Hansen, Eric"]
[Black "Boik, Andrew"]
[Result "1-0"]
[WhiteElo "1957"]
[BlackElo "2099"]
[PlyCount "45"]
[GameId "2160767910760769"]
[EventDate "2006.10.11"]
[EventType "swiss"]
[EventRounds "6"]
[EventCountry "CAN"]
[SourceTitle "EXT 2008"]
[Source "ChessBase"]
[SourceDate "2007.11.25"]
[SourceVersion "1"]
[SourceVersionDate "2007.11.25"]
[SourceQuality "1"]

1. e4 c5 2. Nf3 d6 3. d4 cxd4 4. Nxd4 Nf6 5. Nc3 a6 6. Be2 e6 7. Be3 Qc7 8. a4 Nbd7 9. f4 b6 10. Bf3 Bb7 11. f5 Nc5 12. fxe6 fxe6 13. O-O e5 14. Nb3 Nfxe4 15. Bxe4 Nxe4 16. Nd5 Qc6 17. c4 Qxc4 18. Nxb6 Qb4 19. Qg4 Bc6 20. Qe6+ Be7 21. Rf7 Ra7 22. Nc8 Rd7 23. Nxe7 1-0

[Event "Alberta op"]
[Site "Edmonton CAN"]
[Date "2006.10.08"]
[Round "4"]
[White "Gardner, Robert"]
[Black "Hansen, Eric"]
[Result "1/2-1/2"]
[WhiteElo "2238"]
[BlackElo "1957"]
[PlyCount "129"]
[GameId "2160767910760774"]
[EventDate "2006.10.11"]
[EventType "swiss"]
[EventRounds "6"]
[EventCountry "CAN"]
[SourceTitle "EXT 2008"]
[Source "ChessBase"]
[SourceDate "2007.11.25"]
[SourceVersion "1"]
[SourceVersionDate "2007.11.25"]
[SourceQuality "1"]

1. f4 d5 2. Nf3 Nf6 3. e3 g6 4. Be2 Bg7 5. O-O O-O 6. d3 c5 7. a4 Nc6 8. c3 h5 9. Na3 d4 10. cxd4 cxd4 11. e4 e5 12. Nc4 exf4 13. Bxf4 Be6 14. b3 Bxc4 15. bxc4 Ng4 16. Qb3 Qe7 17. Qa3 Qxa3 18. Rxa3 b6 19. h3 Ne3 20. Rb1 f5 21. Bd6 Rfd8 22. c5 Rac8 23. Nh4 Nc2 24. Rab3 Na5 25. R3b2 bxc5 26. Be7 Re8 27. Nxg6 Ne3 28. Rb5 Nc6 29. Bxc5 fxe4 30. dxe4 Rxe4 31. Bxh5 d3 32. Bf3 Re6 33. Nf4 Ree8 34. Bxc6 Rxc6 35. Rb8 Rxc5 36. Rxe8+ Kf7 37. Rxe3 Bd4 38. Nxd3 Bxe3+ 39. Kh2 Rc3 40. Ne5+ Ke6 41. Ng4 Bf4+ 42. Kg1 Ra3 43. Rb4 Bg3 44. Kf1 Ra2 45. Re4+ Kf5 46. Rc4 Ke6 47. Rc6+ Kd5 48. Ra6 Ke4 49. Rxa7 Ra1+ 50. Ke2 Ra2+ 51. Kd1 Rxg2 52. a5 Ra2 53. a6 Kf3 54. Ra8 Bf4 55. a7 Rd2+ 56. Ke1 Re2+ 57. Kf1 Ra2 58. Ne5+ Ke3 59. Nc4+ Kf3 60. Ne5+ Ke3 61. h4 Bxe5 62. Re8 Rxa7 63. Rxe5+ Kf3 64. Re1 Rh7 65. h5 1/2-1/2

[Event "Alberta op"]
[Site "Edmonton CAN"]
[Date "2006.10.09"]
[Round "5"]
[White "Kaminski, Victor"]
[Black "Hansen, Eric"]
[Result "1-0"]
[WhiteElo "2230"]
[BlackElo "1957"]
[PlyCount "129"]
[GameId "2160767910760779"]
[EventDate "2006.10.11"]
[EventType "swiss"]
[EventRounds "6"]
[EventCountry "CAN"]
[SourceTitle "EXT 2008"]
[Source "ChessBase"]
[SourceDate "2007.11.25"]
[SourceVersion "1"]
[SourceVersionDate "2007.11.25"]
[SourceQuality "1"]

1. d4 Nf6 2. Nf3 g6 3. g3 Bg7 4. Bg2 O-O 5. c4 d6 6. O-O Nc6 7. Nc3 Bd7 8. h3 a6 9. e4 e5 10. d5 Na5 11. Nd2 c5 12. dxc6 Nxc6 13. Nb3 Be6 14. Nd5 Bxd5 15. cxd5 Na5 16. Nxa5 Qxa5 17. Qb3 b5 18. Be3 Rfc8 19. Rfc1 Nd7 20. a3 Bf8 21. Qb4 Qd8 22. Qd2 Be7 23. b4 Nb6 24. Bf1 Nc4 25. Bxc4 bxc4 26. Rc3 Qd7 27. Rac1 Qxh3 28. Rxc4 Rxc4 29. Rxc4 f5 30. exf5 Qxf5 31. Qc2 Qf3 32. Rc8+ Rxc8 33. Qxc8+ Kg7 34. Qb7 Kf6 35. Bg5+ Kxg5 36. Qxe7+ Kf5 37. Qxd6 Qxa3 38. Qe6+ Ke4 39. d6 Qc1+ 40. Kg2 Qc6 41. Qe7 Kd3+ 42. Kh2 Qf3 43. Qa7 Qf8 44. d7 Ke2 45. Kg1 Qd6 46. Qe3+ Kd1 47. Qb3+ Kd2 48. Qf7 Ke2 49. Qe8 Qd4 50. Qf7 Ke1 51. Kh2 Kf1 52. Kh3 h5 53. f4 Kg1 54. Kh4 e4 55. Qe7 Qd1 56. Kg5 Qg4+ 57. Kh6 Qxg3 58. Qg5 Qxg5+ 59. fxg5 e3 60. d8=Q e2 61. Qd2 Kf1 62. Qf4+ Kg2 63. Qe3 Kf1 64. Qf3+ Ke1 65. Kxg6 1-0

[Event "Alberta op"]
[Site "Edmonton CAN"]
[Date "2006.10.09"]
[Round "6"]
[White "Hansen, Eric"]
[Black "Hughey, Micah"]
[Result "0-1"]
[WhiteElo "1957"]
[BlackElo "2024"]
[PlyCount "94"]
[GameId "2160767910760783"]
[EventDate "2006.10.11"]
[EventType "swiss"]
[EventRounds "6"]
[EventCountry "CAN"]
[SourceTitle "EXT 2008"]
[Source "ChessBase"]
[SourceDate "2007.11.25"]
[SourceVersion "1"]
[SourceVersionDate "2007.11.25"]
[SourceQuality "1"]

1. d4 d5 2. c4 e6 3. Nc3 c5 4. e3 Nf6 5. Nf3 Nc6 6. Bd3 dxc4 7. Bxc4 Be7 8. O-O O-O 9. h3 a6 10. a4 cxd4 11. exd4 b6 12. Re1 Bb7 13. Bg5 Rc8 14. Bd3 Nb4 15. Be2 Nfd5 16. Bxe7 Qxe7 17. Qd2 Rc7 18. Rec1 Rfc8 19. Nxd5 Nxd5 20. Rxc7 Qxc7 21. Bd1 a5 22. Bb3 Nf4 23. Qe3 Qd6 24. Re1 h6 25. Ne5 Nd5 26. Qg3 f6 27. Nd3 Qxg3 28. fxg3 Kf7 29. Kf2 g5 30. g4 Ke7 31. g3 Kd6 32. Re2 Ba6 33. Rd2 Rc7 34. Ne1 Nb4 35. Ng2 Rc1 36. Ne3 Nd3+ 37. Kf3 Nb4 38. Nd1 Bb7+ 39. Kf2 Bd5 40. Bxd5 Nxd5 41. Kf3 Ra1 42. b3 Rb1 43. Nb2 Nb4 44. Nc4+ Kc6 45. Nb2 Rc1 46. Ke4 Rc3 47. Rf2 Rxb3 0-1

[Event "CAN-op"]
[Site "Kitchener CAN"]
[Date "2006.07.17"]
[Round "3"]
[White "Hansen, Eric"]
[Black "Derraugh, Geordie"]
[Result "1-0"]
[WhiteElo "2023"]
[BlackElo "1888"]
[PlyCount "93"]
[GameId "2160767910798798"]
[EventDate "2006.07.15"]
[EventType "swiss"]
[EventRounds "9"]
[EventCountry "CAN"]

1. e4 e5 2. Nf3 Nc6 3. Bc4 Bc5 4. c3 Nf6 5. Qe2 d6 6. O-O O-O 7. b4 Bb6 8. a4 a5 9. b5 Ne7 10. h3 Ng6 11. d4 Qe7 12. Re1 h6 13. Kh1 Nh5 14. Nxe5 Nxe5 15. dxe5 Qh4 16. Be3 Bxe3 17. Qxe3 dxe5 18. Nd2 Nf6 19. Qg3 Qxg3 20. fxg3 Re8 21. Rad1 Be6 22. Bxe6 Rxe6 23. Nc4 b6 24. Kg1 Kf8 25. Kf2 Ke8 26. Kf3 Nd7 27. Rd5 f6 28. Red1 Re7 29. h4 Nc5 30. Rxc5 bxc5 31. Rd5 Rd7 32. Rxc5 Ra7 33. Ke2 Kf7 34. Ne3 Kg6 35. Nd5 Kf7 36. c4 Kg6 37. Rc6 Kf7 38. c5 h5 39. Kf3 f5 40. Ke3 Kf8 41. Re6 fxe4 42. Kxe4 Kf7 43. Rxe5 g6 44. c6 Rxd5 45. Kxd5 Ra8 46. b6 cxb6 47. c7 1-0

[Event "CAN-op"]
[Site "Kitchener CAN"]
[Date "2006.07.18"]
[Round "4"]
[White "Barron, Michael"]
[Black "Hansen, Eric"]
[Result "1-0"]
[WhiteElo "2214"]
[BlackElo "2023"]
[PlyCount "69"]
[GameId "2160767910802916"]
[EventDate "2006.07.15"]
[EventType "swiss"]
[EventRounds "9"]
[EventCountry "CAN"]

1. e4 e6 2. d4 d5 3. Nd2 Nf6 4. e5 Nfd7 5. f4 c5 6. c3 Nc6 7. Ndf3 Qb6 8. Ne2 cxd4 9. Nexd4 Be7 10. Bd3 O-O 11. Qe2 Nc5 12. Bc2 f6 13. exf6 Bxf6 14. Be3 Nxd4 15. Nxd4 g6 16. Nb3 Be7 17. Qf2 Nxb3 18. Bxb6 Nxa1 19. Bc7 Nxc2+ 20. Qxc2 Bc5 21. Qa4 a6 22. Be5 Rf7 23. h4 Bd7 24. Qd1 Be8 25. h5 Rf8 26. Qg4 Rf5 27. hxg6 Bxg6 28. Rh6 Kf7 29. Rxh7+ Bxh7 30. Qg7+ Ke8 31. Qxh7 Rf7 32. Qg8+ Bf8 33. g4 Ke7 34. Bd6+ Ke8 35. g5 1-0

[Event "CAN-op"]
[Site "Kitchener CAN"]
[Date "2006.07.19"]
[Round "5"]
[White "Vlasov, John"]
[Black "Hansen, Eric"]
[Result "1/2-1/2"]
[WhiteElo "1813"]
[BlackElo "2023"]
[PlyCount "66"]
[GameId "2160767910802971"]
[EventDate "2006.07.15"]
[EventType "swiss"]
[EventRounds "9"]
[EventCountry "CAN"]

1. d4 Nf6 2. Nf3 g6 3. g3 Bg7 4. Bg2 O-O 5. O-O d6 6. c4 c6 7. Nc3 Nbd7 8. e4 Qc7 9. Bd2 e5 10. d5 Ne8 11. Be3 f5 12. exf5 gxf5 13. Ng5 Ndf6 14. c5 e4 15. dxc6 bxc6 16. cxd6 Qxd6 17. Qxd6 Nxd6 18. Bc5 Rd8 19. Rad1 Nfe8 20. Rd2 Bf6 21. Nh3 Ba6 22. Rfd1 Bd3 23. Rxd3 exd3 24. Rxd3 Bxc3 25. Bxc6 Rac8 26. Bd5+ Kh8 27. Rxc3 Nb5 28. Nf4 Nf6 29. Be7 Nxd5 30. Rxc8 Rxc8 31. Nxd5 Kg7 32. a4 Nc7 33. Ne3 Kg6 1/2-1/2